000 01412nam a22002777a 4500
005 20101206113148.0
008 101206t xxu||||| |||| 00| 0 hin d
010 _aHIN-93226
020 _c400.00
_a9788171247370
035 _aHN-65572
037 _bDBAD/PUB
040 _aDPL
_bHN
082 _a811.08
100 _924598
_aमिश्र,अभिराज राजेन्द्र
245 _aसंस्कृत का अर्वाचीन समीक्षात्मक काव्यशास्त्र /
_cमहामहोपाध्याय प्रो. अभिराज राजेन्द्रमिश्र
246 _aSanskrita ka arvachina samikshatmaka Kavyashastra
_bby Mahamahopadhyaya
260 _aवाराणसी
_bविश्वविद्यालय प्रकाशन
_c2010
270 _bवाराणसी
_aपो.बॉ 1149, विशालाक्षी भवन, चौक
_e221001
_k0542- 2413741
_msales@vvpbooks.com
300 _ax,468पृ.
_c22सेमी (सजिल्द)
650 _91169
650 _929580
700 _924599
700 _924924
942 _2ddc
_cHN
_mमिश्रअ
_h811.08
999 _c53939
_d53939